LEADER 01248nam 2200349Ia 450 001 996392071603316 005 20221108023753.0 035 $a(CKB)1000000000671659 035 $a(EEBO)2248533055 035 $a(OCoLC)16439148 035 $a(EXLCZ)991000000000671659 100 $a19870812d1692 uy | 101 0 $aeng 135 $aurbn||||a|bb| 200 10$aTwo letters written to the author of a pamphlet entituled Solomon and Abiathar, or, The case of the deprived bishops and clergy discussed$b[electronic resource] 210 $aLondon printed $c[s.n.]$dMDCXCII [1692] 215 $a43 p 300 $aErrata: p. 43. 300 $aReproduction of original in the Union Theological Seminary Library, New York. 330 $aeebo-0160 606 $aNonjurors 606 $aChurch and state$xChurch of England 615 0$aNonjurors. 615 0$aChurch and state$xChurch of England. 700 $aGrascome$b Samuel$f1641-1708?$01002596 801 0$bEAH 801 1$bEAH 801 2$bWaOLN 906 $aBOOK 912 $a996392071603316 996 $aTwo letters written to the author of a pamphlet entituled Solomon and Abiathar, or, The case of the deprived bishops and clergy discussed$92306584 997 $aUNISA LEADER 02594oam 2200529 450 001 9910741199503321 005 20190911103512.0 010 $a1-4614-7431-0 024 7 $a10.1007/978-1-4614-7431-9 035 $a(OCoLC)857765678 035 $a(MiFhGG)GVRL6WZV 035 $a(EXLCZ)993710000000019024 100 $a20130403d2013 uy 0 101 0 $aeng 135 $aurun|---uuuua 181 $ctxt 182 $cc 183 $acr 200 10$aSolar based hydrogen production systems /$fIbrahim Dincer, Anand S. Joshi 205 $a1st ed. 2013. 210 1$aNew York :$cSpringer,$d2013. 215 $a1 online resource (ix, 141 pages) $cillustrations (some color) 225 1 $aSpringerBriefs in Energy,$x2191-5520 300 $a"ISSN: 2191-5520." 311 $a1-4614-7430-2 320 $aIncludes bibliographical references. 327 $aPreface -- Hydrogen -- Hydrogen Production Methods -- Solar Energy Aspects -- Solar Hydrogen Production -- Thermodynamic Analysis -- Environmental Impact and Sustainability Assessment -- Case Studies -- Concluding Remarks -- Nomenclature -- References -- Appendix. 330 $aSolar Based Hydrogen Production Systems deals with various hydrogen production systems in general and solar hydrogen production systems in particular and their energy and exergy analyses. It also covers the various chemical processes involved in hydrogen production, the primary energy sources conventional and non-conventional, that are used to produce hydrogen. In addition, various other hydrogen production methods such as photovoltaic based, photoelectrolysis, and bio-photolysis are also covered. This book provides quality analyses of solar thermal hydrogen production systems and solar photovoltaic based hydrogen production system, and will be useful for researchers, scientists, engineers and practitioners working in the field of solar hydrogen production. 410 0$aSpringerBriefs in energy. 606 $aSolar energy 606 $aHydrogen as fuel 606 $aRenewable energy sources 606 $aSustainable development 615 0$aSolar energy. 615 0$aHydrogen as fuel. 615 0$aRenewable energy sources. 615 0$aSustainable development. 676 $a333.7923 676 $a665.8/1 700 $aDincer$b Ibrahim$4aut$4http://id.loc.gov/vocabulary/relators/aut$0421460 702 $aJoshi$b Anand S. 801 0$bMiFhGG 801 1$bMiFhGG 906 $aBOOK 912 $a9910741199503321 996 $aSolar Based Hydrogen Production Systems$93554242 997 $aUNINA LEADER 01027nam0-22002891i-450 001 990005759320403321 005 20240423134359.0 035 $aFED01000575932 035 $a(Aleph)000575932FED01 035 $a000575932 100 $a19990604d1942----km-y0itay50------ba 101 0 $afre 102 $aFR 105 $ayf------001yy 200 1 $aRecherches sur l'histoire, la religion et la civilisation de Capoue preromaine$edes origines à la deuxième guerre punique$fpar Jacques Heurgon 210 $aParis$cE. De Boccard$d1942 215 $aXIV, 483 p., 8 tav.$d25 cm 225 1 $aBibliothèque des Écoles françaises d'Athènes et de Rome$v154 700 1$aHeurgon,$bJacques$f<1903-1995>$0173069 801 0$aIT$bUNINA$gRICA$2UNIMARC 901 $aBK 912 $a990005759320403321 952 $aVIII H7$bBIBL. 22379$fFLFBC 952 $aGLOTT. B IV d 15$bIST.GLOT. 275$fFLFBC 959 $aFLFBC 996 $aRecherches sur l'histoire, la religion et la civilisation de Capoue preromaine$9280160 997 $aUNINA